| 000 | 01152namaa2200289 i 4500 | ||
|---|---|---|---|
| 003 | EG-GICUC | ||
| 005 | 20260513101235.0 | ||
| 008 | 260503s2000 ly ao||jr|||| 000 0 ara d | ||
| 020 |
_a9959822001 _qالمكتبة الوطنية (ليبيا) |
||
| 040 |
_aEG-GiCUC _bara _cEG-GiCUC _dEG-GiCUC _erda |
||
| 082 | 0 | 4 |
_221 _a413 _bT573 |
| 092 | 0 | 4 |
_221 _a413 _bT573 |
| 099 | _a413 T573 2000 | ||
| 100 | 1 |
_aالتليسى، خليفة محمد _eمؤلف. |
|
| 245 | 1 | 2 |
_aالنفيس : _bمن كنوز القواميس : صفوة المتن اللغوي من تاج العروس ومراجعة الكبرى/ _cخليفة محمد التليسى. |
| 264 |
_aطرابلس (ليبيا) : _bالدار العربية للكتاب، _c[2000]. |
||
| 300 |
_aمجلدات 4 (1-2553) : _bإيضاحيات، صور ؛ _c28 سم |
||
| 336 |
_2rdacontent _atext |
||
| 337 |
_2rdamedia _aUnmediated |
||
| 338 |
_2rdacarrier _avolume |
||
| 504 | _a. | ||
| 541 |
_aد. جابر عصفور ؛ _bالقاهرة ؛ _cإهداء ؛ _d2024. |
||
| 650 | 1 | 7 |
_aاللغة العربية _vمعاجم _2qrmak |
| 651 | 1 | _2qrmak | |
| 905 | _aAya | ||
| 942 |
_2ddc _cREF _e21 _n0 |
||
| 999 |
_c179923 _d179923 |
||